Data analysis in management with SPSS software / (رقم التسجيلة. 33197)

تفاصيل مارك
000 -الفاتح
حقل البيانات ثابتة الطول 03119cam a22004215a 4500
001 - رقم الضبط
رقم الضبط 17537641
003 - محدد رقم الضبط
رقم الضبط OSt
005 - وقت وتاريخ اخر تعامل مع التسجيلة
رقم الضبط 20150408114203.0
008 - عناصر البيانات ثابتة الطول - معلومات عامة
حقل البيانات ثابتة الطول 121121s2013 ii a b 001 0 eng d
010 ## - رقم ضبط مكتبة الكونجرس
رقم ضبط مكتبة الكونجرس 2012954479
020 ## - الرقم الدولى المعيارى للكتب
الرقم الدولى المعيارى للكتاب 8132207858
020 ## - الرقم الدولى المعيارى للكتب
الرقم الدولى المعيارى للكتاب 9788132207856
035 ## - رقم ضبط النظام
رقم ضبط النظام (OCoLC)ocn830376963
040 ## - مصدر الفهرسة
وكالة الفهرسة الأصلية IXA
لغة الفهرسة eng
وكالة النسخ IXA
وكالة التعديل MUU
-- DLC
042 ## - رمز التحقق
رمز التحقق lccopycat
082 ## - رقم تصنيف ديوى العشرى
رقم الطبعة 23
رقم التصنيف 519.50285
رقم المادة VJD
100 1# - المدخل الرئيسى - إسم شخصى
الإسم الشخصى Verma, J. P.
الدور author.
9 (RLIN) 42214
245 10 - بيان العنوان
العنوان Data analysis in management with SPSS software /
بيان المسئوليه,etc J.P. Verma.
260 ## - PUBLICATION, DISTRIBUTION, ETC. (IMPRINT)
مكان الناشر او الموزع New Delhi ;
-- New York :
اسم الناشر او الموزع Springer,
تاريخ النشر أو التوزيع c2013.
300 ## - الوصف المادى
التعداد xxi, 481 p. :
تفاصيل ماديه اخرى للوعاء ill. ;
أبعاد الوعاء 24 cm.
504 ## - تبصرة ببليوجرافية
تبصرة ببليوجرافية,الخ Includes bibliographical references (p. 469-474) and index.
505 0# - تبصرة محتويات-الفهرس
تبصرة المحتويات المصاغة 1. Data management -- 2. Descriptive analysis -- 3. Chi-square test and its application -- 4. Correlation matrix and partial correlation: explaining relationships -- 5. Regression analysis and multiple correlations: for estimating a measurable phenomenon -- 6. Hypothesis testing for decision-making -- 7. One-way ANOVA: comparing means of more than two samples -- 8. Two-way analysis of variance: examining influence of two factors on criterion variable -- 9. Analysis of covariance: increasing precision in comparison by controlling covariate -- 10. Cluster analysis: for segmenting the population -- 11. Application of factor analysis: to study the factor structure among variables -- 12. Application of discriminant analysis: for developing a classification model -- 13. Logistic regression: developing a model for risk analysis -- 14. Multidimensional scaling for product positioning.
520 ## - التبصرة الخاصة بالتعليق أو التلخيص
ملخص,الخ This book provides readers with a greater understanding of a variety of statistical techniques along with the procedure to use the most popular statistical software package SPSS. It strengthens the intuitive understanding of the material, thereby increasing the ability to successfully analyze data in the future. The book provides more control in the analysis of data so that readers can apply the techniques to a broader spectrum of research problems. This book focuses on providing readers with the knowledge and skills needed to carry out research in management, humanities, social and behavioural science.
630 00 - المدخل الاضافى بالموضوع - عنوان موحد
عنوان موحد SPSS (Computer file)
9 (RLIN) 1652
650 #0 - المدخل الاضافى بالموضوع-مصطلح موضوعى
مصطلح موضوعي أو اسم جغرافي كعنصر مدخل Social sciences
التقسيم الفرعي العام Statistical methods
-- Computer programs.
9 (RLIN) 17551
650 #0 - المدخل الاضافى بالموضوع-مصطلح موضوعى
مصطلح موضوعي أو اسم جغرافي كعنصر مدخل Database management.
650 #0 - المدخل الاضافى بالموضوع-مصطلح موضوعى
مصطلح موضوعي أو اسم جغرافي كعنصر مدخل Mathematical statistics
التقسيم الفرعي العام Data processing.
650 #4 - المدخل الاضافى بالموضوع-مصطلح موضوعى
مصطلح موضوعي أو اسم جغرافي كعنصر مدخل Social sciences -- Statistical methods -- Computer programs.
9 (RLIN) 42215
650 #4 - المدخل الاضافى بالموضوع-مصطلح موضوعى
مصطلح موضوعي أو اسم جغرافي كعنصر مدخل Social surveys -- Methodology.
9 (RLIN) 42216
650 #4 - المدخل الاضافى بالموضوع-مصطلح موضوعى
مصطلح موضوعي أو اسم جغرافي كعنصر مدخل SPSS (Computer file).
9 (RLIN) 42217
856 41 - الوصول و الموقع الالكترونى
مواد محددة Table of contents only
معرف المصدر الموحد <a href="http://www.loc.gov/catdir/enhancements/fy1310/2012954479-t.html">http://www.loc.gov/catdir/enhancements/fy1310/2012954479-t.html</a>
856 42 - الوصول و الموقع الالكترونى
مواد محددة Contributor biographical information
معرف المصدر الموحد <a href="http://www.loc.gov/catdir/enhancements/fy1310/2012954479-b.html">http://www.loc.gov/catdir/enhancements/fy1310/2012954479-b.html</a>
856 42 - الوصول و الموقع الالكترونى
مواد محددة Publisher description
معرف المصدر الموحد <a href="http://www.loc.gov/catdir/enhancements/fy1310/2012954479-d.html">http://www.loc.gov/catdir/enhancements/fy1310/2012954479-d.html</a>
906 ## - عنصر بيانات محلى F, LDF (RLIN)
a 0
b ibc
c copycat
d 2
e ncip
f 20
g y-gencatlg
942 ## - عناصر المدخل الإضافي( كوها)
مصدر التصنيف او مخطط الترفيف Dewey Decimal Classification
Koha [default] item type DVD
المقتنيات
حالة الفقد نموذج السعر الفعال حالة تلف ليس للاعارة رقم الطلب تاريخ الاكتساب الموقع الحالي الباركود الفرع الرئيسي Date last seen نوع المادة فى نظام كوها مصدر التصنيف او خطة الترفيف Total Checkouts
  2014-10-24     519.50285 VJD 2014-10-24 المكتبة المركزية بالمجمعة (CL) 00405838 المكتبة المركزية بالمجمعة (CL) 2014-10-24 كتاب Dewey Decimal Classification  
  2014-10-24     519.50285 VJD 2014-10-24 المكتبة المركزية بالمجمعة (CL) 00405839 المكتبة المركزية بالمجمعة (CL) 2014-10-24 كتاب Dewey Decimal Classification  
  2014-10-24     519.50285 VJD 2014-10-24 المكتبة المركزية بالمجمعة (CL) 00405840 المكتبة المركزية بالمجمعة (CL) 2014-10-24 كتاب Dewey Decimal Classification  
  2014-10-24     519.50285 VJD 2014-10-24 مكتبة مجمع الكليات بالزلفى - طلاب (SZM) 00405841 مكتبة مجمع الكليات بالزلفى - طلاب (SZM) 2014-10-24 كتاب Dewey Decimal Classification  
  2014-10-24     519.50285 VJD 2014-10-24 مكتبة مجمع الكليات بالزلفى - طلاب (SZM) 00405842 مكتبة مجمع الكليات بالزلفى - طلاب (SZM) 2014-10-24 كتاب Dewey Decimal Classification